[Event "SVK-chT2C 2324"]
[Site "Slovakia"]
[Date "2024.02.10"]
[Round "8.8"]
[White "Korencik, Jaroslav"]
[Black "Janik, Miroslav"]
[Result "1-0"]
[WhiteElo "1552"]
[BlackElo "1834"]
[PlyCount "55"]
[EventDate "2023.10.07"]
[EventType "team-tourn"]
[EventRounds "11"]
[EventCountry "SVK"]
[SourceTitle "EXT 2025"]
[Source "ChessBase"]
[SourceDate "2024.10.14"]
[SourceVersion "1"]
[SourceVersionDate "2024.10.14"]
[SourceQuality "1"]
[WhiteTeam "Zilina Mladost"]
[BlackTeam "Dunajov Martin III"]
[WhiteTeamCountry "SVK"]
[BlackTeamCountry "SVK"]

1. e4 c5 2. Bc4 Nc6 3. Nc3 g6 4. d3 d6 5. h3 Bg7 6. Nf3 e6 7. Bg5 Nge7 8. Qd2 h6 9. Bf4 a6 10. a3 b5 11. Ba2 b4 12. axb4 Nxb4 13. 0-0 Nxa2 14. Rxa2 Bb7 15. Ne2 e5 16. Bh2 0-0 17. b4 Rc8 18. c4 f5 19. Ng3 Qd7 20. Rb1 cxb4 21. Rxb4 fxe4 22. Nxe4 d5 23. Nc3 dxc4 24. dxc4 Qc6 25. Rab2 Rcd8 26. Qe2 Rd7 27. Rb6 Qc7 28. Rxb7 1-0

[Event "SVK-chT2C 0607"]
[Site "Slovakia"]
[Date "2007.02.03"]
[Round "8.1"]
[White "Ambrozi, Peter"]
[Black "Korencik, Jaroslav"]
[Result "1-0"]
[WhiteElo "2033"]
[BlackElo "1587"]
[PlyCount "84"]
[EventDate "2006.10.14"]
[EventType "team-tourn"]
[EventRounds "11"]
[EventCountry "SVK"]
[SourceTitle "EXT 2019"]
[Source "ChessBase"]
[SourceDate "2018.10.10"]
[SourceVersion "1"]
[SourceVersionDate "2018.10.10"]
[SourceQuality "1"]
[WhiteTeam "Dolny Kubin"]
[BlackTeam "Zilina Mladost II"]
[WhiteTeamCountry "SVK"]
[BlackTeamCountry "SVK"]

1. e4 e5 2. Nf3 Nc6 3. Bb5 d6 4. d4 Bd7 5. 0-0 Nf6 6. d5 Ne7 7. Bxd7+ Qxd7 8. Qd3 Ng6 9. c4 b6 10. Nc3 Be7 11. h3 0-0 12. Be3 Nh5 13. Kh2 f5 14. exf5 Rxf5 15. Ng1 Rf7 16. g3 Raf8 17. Qd2 Nf6 18. b4 c6 19. Rfd1 h6 20. Kg2 Nh7 21. Ne4 Rf5 22. f3 Nf6 23. Qd3 cxd5 24. Nxf6+ R5xf6 25. Qxd5+ Kh8 26. a4 Rc8 27. a5 Bd8 28. a6 Qc6 29. Qxc6 Rxc6 30. c5 Ne7 31. b5 Rc8 32. cxd6 Nf5 33. Bf2 Rxd6 34. g4 Rxd1 35. Rxd1 Nd4 36. Bxd4 exd4 37. Rxd4 Rc2+ 38. Kg3 Bc7+ 39. Kh4 Rc5 40. Rd7 Kh7 41. Ne2 Kg6 42. Nf4+ Kf6 1-0